00949nam a2200217 u 450000100100000000500170001000800410002704000250006808200170009310000360011024500700014626000530021630000240026950000320029350000420032565100450036765100540041295201220046695201280058899900150071600000289520200929150259.0090704s1983 dr a r 000 0 spa d aDO-SdBNPbspacBNPHU a338.6bD543e1 aDíaz, Joaquín Antonio9920010aFundamentos de economía industrial /cJoaquín Antonio Díaz. aSanto Domingo :bPunto y Aparte Editores,c1983. a120p :bil ;c18cm. aIncluye datos biográficos aContiene referencias bibliográficas 4aRepública DominicanaxIndustrias98277 4aRepública DominicanaxPolitica Económica9643 0010718PDaPDbPDcHDd2009-07-04e022253iLF1l0o338.6 D543ep2895-10r2020-06-25w2020-06-25yLFPDZNo se presta 0010718PDaPDbPDcHDd2009-07-04e022254iLF1l0o338.6 D543ep2895-20r2020-06-25te. 2w2020-06-25yLFPDZNo se presta c2729d2729